ARRUPE JESUIT UNIVERSITY

CORONAVIRUS -STOP THE SPREAD - CLEAN,DISINFECT,COVER

Catholic thought since the Enlightenment : (Record no. 118657)

MARC details
000 -LEADER
fixed length control field 00974cam a2200277 a 4500
001 - CONTROL NUMBER
control field 168611
003 - CONTROL NUMBER IDENTIFIER
control field ARRUPE
005 - DATE AND TIME OF LATEST TRANSACTION
control field 20131125162928.0
008 - FIXED-LENGTH DATA ELEMENTS--GENERAL INFORMATION
fixed length control field 980723s1998 sa b 000 0 eng
010 ## - LIBRARY OF CONGRESS CONTROL NUMBER
LC control number 98174359
020 ## - INTERNATIONAL STANDARD BOOK NUMBER
International Standard Book Number 186888029X
020 ## - INTERNATIONAL STANDARD BOOK NUMBER
International Standard Book Number 0852444745 (UK)
040 ## - CATALOGING SOURCE
Original cataloging agency DLC
Transcribing agency DLC
Modifying agency DLC
050 00 - LIBRARY OF CONGRESS CALL NUMBER
Classification number BX1751.2
Item number .N47 1998
300 ## - PHYSICAL DESCRIPTION
Dimensions 22 cm.
100 1# - MAIN ENTRY--PERSONAL NAME
Personal name Nichols, Aidan.
9 (RLIN) 3737
245 10 - TITLE STATEMENT
Title Catholic thought since the Enlightenment :
Remainder of title a survey /
Statement of responsibility, etc Aidan Nichols.
250 ## - EDITION STATEMENT
Edition statement 1st ed.
260 ## - PUBLICATION, DISTRIBUTION, ETC. (IMPRINT)
Place of publication, distribution, etc Pretoria :
Name of publisher, distributor, etc University of South Africa,
Date of publication, distribution, etc c1998.
300 ## - PHYSICAL DESCRIPTION
Extent ix, 224 p. ;
504 ## - BIBLIOGRAPHY, ETC. NOTE
Bibliography, etc Includes bibliographical references (p. 207-224).
610 20 - SUBJECT ADDED ENTRY--CORPORATE NAME
Corporate name or jurisdiction name as entry element Catholic Church
General subdivision Doctrines
-- History
Chronological subdivision 19th century.
9 (RLIN) 3738
610 20 - SUBJECT ADDED ENTRY--CORPORATE NAME
Corporate name or jurisdiction name as entry element Catholic Church
General subdivision Doctrines
-- History
Chronological subdivision 20th century.
9 (RLIN) 3739
906 ## - LOCAL DATA ELEMENT F, LDF (RLIN)
a 7
b cbc
c orignew
d 3
e ncip
f 19
g y-gencatlg
942 ## - ADDED ENTRY ELEMENTS (KOHA)
Source of classification or shelving scheme Library of Congress Classification
Koha item type Monograph ( Printed materials)
Holdings
Withdrawn status Lost status Source of classification or shelving scheme Damaged status Not for loan Home library Current library Shelving location Date acquired Total Checkouts Full call number Barcode Date last seen Price effective from Koha item type
    Library of Congress Classification     ARRUPE LIBRARY ARRUPE LIBRARY Main Collection 25/11/2013   BX1751.2 .N47 1998 46410314 22/11/2017 25/11/2013 Monograph ( Printed materials)

 

Arrupe Library. PO Box MP320 Mt Pleasant, Harare, Zimbabwe
263 242 745411|librarian@aju.ac.zw